000
00306nam a22001337a 4500
008
181023b xxu||||| |||| 00| 0 eng d
020
_a
9780495912842
041
_a
eng
080
_2
13th
_a
371
100
_a
46
101
_a
EDU
245
_a
Becoming a Master Student Concise
_c
Ellis,D
942
_2
udc
_c
BK
999
_c
50580
_d
50580